| 000 | 01027nam a2200313 i 4500 | ||
|---|---|---|---|
| 001 | bg | ||
| 100 | 1 |
_aTomasz z Akwinu _c(św. ; _d1225-1274). |
|
| 245 | 1 | 0 |
_aTraktat o człowieku : _bSumma teologii 1, 75-89 / _cŚwięty Tomasz z Akwinu ; przeł. i oprac. Stefan Swieżawski. |
| 246 | 1 |
_iTyt. oryg.: _aSumma theologiae |
|
| 250 | _aWyd. 3. | ||
| 260 |
_aKęty : _bWydawnictwo Antyk, _c2000. |
||
| 300 |
_aXIII, [1], 768, (91) s. ; _c24 cm. |
||
| 490 | 1 | _aBiblioteka Europejska | |
| 504 | _aBibliogr. s. 85-86. Indeksy. | ||
| 546 | _aTekst równol. łac., pol. | ||
| 650 | 9 |
_aAntropologia filozoficzna _y13 w. |
|
| 650 | 9 |
_aTeologia chrześcijanska _y13 w. |
|
| 650 | 9 |
_aTomizm _y13 w. |
|
| 700 | 1 |
_aŚwieżawski, Stefan _d(1907-2004). _eTł. |
|
| 020 | _a9788399524080 | ||
| 040 | _cBPK | ||
| 041 | 1 |
_apol _hlat |
|
| 044 | _aPOL | ||
| 080 | _a141.30:27-1 | ||
| 920 | _a83-88524-08-9 | ||
| 942 | _cKS | ||
| 008 | s pl f |000 0 pol | ||
| 999 |
_c54945 _d54945 |
||
| 856 |
_uhttp://koha.tu.koszalin.pl/cgi-bin/koha/opac-detail.pl?biblionumber=54945 _yKatalog online BPK |
||